|
|
|
|
| LEADER |
00000nta a2200000 i 4500 |
| 001 |
dolg26588 |
| 005 |
20200925101700.0 |
| 008 |
200925suuuu hu om 000 hun d |
| 040 |
|
|
|a BGE Dolgozattár Repozitórium
|b hun
|
| 041 |
|
|
|a hu
|
| 100 |
1 |
|
|a Pach Judit
|
| 245 |
1 |
2 |
|a A német kérdés gazdasági vonatkozásai
|b A belnémet kereskedelem kialakulásától a keletnémet tartományok EK tagságáig
|c Pach Judit
|h [elektronikus dokumentum]
|
| 695 |
|
|
|a Németország
|
| 695 |
|
|
|a Német újraegyesítés
|
| 700 |
1 |
|
|a Ferkelt Dr. Balázs
|e ths
|
| 700 |
1 |
|
|a Fóris György
|e ths
|
| 856 |
4 |
0 |
|u http://dolgozattar.uni-bge.hu/26588/1/D_11071.pdf
|z Dokumentum-elérés
|